02422cam a22004334i 4500003000900000005001700009008004100026035001900067040003300086082002300119100004100142245005200183264007500235300003800310336002100348337002500369338002300394505080800417526001001225526001001235526001001245526001001255526000801265526000801273526000801281526000801289526000801297526000801305526000801313650004601321650002501367650005401392942001401446949013601460596000601596999016101602980005501763952017001818PE-LiUPU20250731173138.0150623s1977 nju r 000 0 eng d a(Sirsi) a27096 aPE-LiUPUbspacPE-LiUPUerda04a241.040 4bV282211 aVan Til, Cornelius,d1895 -,eautor.10aChristian theistic ethics /cCornelius Van Til. 1aNutley, New Jersey :bPresbyterian and reformed publishing Co.,c1977. a251 páginas ;c23 centímetros atext2rdacontent aunmediated2rdamedia avolume2rdacarrier0 aChristian ethical principles: The material of christian ethics -- The scope of christian ethics -- The epistemological presuppositions of christian ethics -- The metaphysical presuppositions of christian ethics -- The summum bonum ideally considered: the individual -- The summum bonum ideally considered: society -- The non-christian summum bonum -- The biblical summum bonum in general -- The Old Testament summum bonum -- The New Testament summum bonum -- The standard of man in paradise -- The redemptive standard: Old Testament -- Faith as the motivating power in christian ethics -- Non-christian ethical principles: Greek ethical theory: socrates -- Werner jaeger's concept of Greek culture -- Greek ethical theory: Plato -- Modern ethical theory: Socrates to Kant -- Modern ethical theory: Kant. aSEG42 aSEG41 aSEG40 aSEG39 aP94 aP87 aP86 aP85 aP77 aP76 aP3504aEtica cristianaxTradición protestante.04aApologética.9232104aReforma de la iglesiaxDoctrinas y controversias. 2ddccBOOK a241.040 4 V28wDEWEYc1i52374lCCODEBUL1mBULp4.00r0sYtBOOKu2015-06-24xTEOLOGIAPP350COMPRAo.STAFF. Colección Teología a1 a241.040 4 V28wDEWEYc34199i52374f2021-11-10g5lCCODEBUL1mBULp4.00r0sYtBOOKu2015-6-24xTEOLOGIAPP350COMPRAo.STAFF. Colección Teologíad34199 81gALBERTO SANCHEZ Responsable de Automatización r2025-12-03 00:00:00i6l0o241.040 4 V28p52374te1v9.00w2015-06-24xFTyBKzinventario-2023-12-13102ddc50708GENfP35aBULbBULcGENd2015-06-24eCOMPRAg4.00